Central and eastern Europe (Record no. 77209)

MARC details
000 -LEADER
fixed length control field 01204cab a2200253 4500
001 - CONTROL NUMBER
control field ##L133793
008 - FIXED-LENGTH DATA ELEMENTS--GENERAL INFORMATION
fixed length control field 060609n2006 000 0 eng u
035 ## - SYSTEM CONTROL NUMBER
System control number (Sirsi) u133793
041 0# - LANGUAGE CODE
Language code of text/sound track or separate title eng
245 00 - TITLE STATEMENT
Title Central and eastern Europe
Remainder of title survey
260 ## - PUBLICATION, DISTRIBUTION, ETC.
Date of publication, distribution, etc. 2006
490 #0 - SERIES STATEMENT
Series statement EuroProperty
Volume/sequential designation June 2006, 41-49(8)
520 ## - SUMMARY, ETC.
Summary, etc. Reports that property markets in central Europe are showing the same characteristics as the west, with eastern markets rapidly converging. Looks at the rush of capital into Polish, Hungarian and Czech property despite yield compression and lacklustre rents; the shift of buyers towards eastern Europe's new emerging markets, Romania and Bulgaria, in the light of yield compression in previously favoured countries in the region; and worries of oversupply blocking rental growth, as seen in Poland and to a lesser extent in Hungary and the Czech Republic. Tables.
590 ## - LOCAL NOTE (RLIN)
Local note IKA200606
651 #4 - SUBJECT ADDED ENTRY--GEOGRAPHIC NAME
Geographic name CENTRAL EUROPE
651 #4 - SUBJECT ADDED ENTRY--GEOGRAPHIC NAME
Geographic name EASTERN EUROPE
651 #4 - SUBJECT ADDED ENTRY--GEOGRAPHIC NAME
Geographic name POLAND
651 #4 - SUBJECT ADDED ENTRY--GEOGRAPHIC NAME
Geographic name HUNGARY
651 #4 - SUBJECT ADDED ENTRY--GEOGRAPHIC NAME
Geographic name CZECH REPUBLIC
651 #4 - SUBJECT ADDED ENTRY--GEOGRAPHIC NAME
Geographic name BULGARIA
651 #4 - SUBJECT ADDED ENTRY--GEOGRAPHIC NAME
Geographic name ROMANIA
690 ## - LOCAL SUBJECT ADDED ENTRY--TOPICAL TERM (OCLC, RLIN)
Topical term or geographic name as entry element PROPERTY-COMMERCIAL PROPERTY-COMMERCIAL PROPERTY FINANCE AND INVESTMENT
942 ## - ADDED ENTRY ELEMENTS (KOHA)
Suppress in OPAC 0
Holdings
Withdrawn status Lost status Source of classification or shelving scheme Damaged status Not for loan Home library Current library Shelving location Date acquired Total Checkouts Full call number Barcode Date last seen Copy number Price effective from Koha item type
    Dewey Decimal Classification     London London Journal article 09/06/2006   L133793 133793-1001 06/08/2019 1 06/08/2019 Journal article